| 000 -LEADER |
| fixed length control field |
00914pab a2200193 454500 |
| 008 - FIXED-LENGTH DATA ELEMENTS--GENERAL INFORMATION |
| fixed length control field |
180718b1997 xxu||||| |||| 00| 0 eng d |
| 100 ## - MAIN ENTRY--PERSONAL NAME |
| Personal name |
Singh, S.S. |
| 245 ## - TITLE STATEMENT |
| Title |
In search of ombudsman - A comment on Lokpal Bill, 1996 |
| 260 ## - PUBLICATION, DISTRIBUTION, ETC. |
| Date of publication, distribution, etc. |
1997 |
| 300 ## - PHYSICAL DESCRIPTION |
| Extent |
p.173-180. |
| 362 ## - DATES OF PUBLICATION AND/OR SEQUENTIAL DESIGNATION |
| Dates of publication and/or sequential designation |
Apr-Jun |
| 520 ## - SUMMARY, ETC. |
| Summary, etc. |
With a brief background on attempts to establish Ombudsman (Lokpal) at national level, and its nature and characteristics visualised in jurisprudence and the ARC Report, the author critically examines various aspects of the current Lokpal Bill, 1996 and offers suggestions pertaining to its composition, term, jurisdiction, procedure of inquiry, etc., which need to be carefully looked into before the Bill's enactment - Reproduced |
| 650 ## - SUBJECT ADDED ENTRY--TOPICAL TERM |
| Topical term or geographic name entry element |
Lokpal - India |
| 650 ## - SUBJECT ADDED ENTRY--TOPICAL TERM |
| Topical term or geographic name entry element |
Ombudsman - India |
| 650 ## - SUBJECT ADDED ENTRY--TOPICAL TERM |
| Topical term or geographic name entry element |
Ombudsman |
| 773 ## - HOST ITEM ENTRY |
| Main entry heading |
Indian Journal of Public Administration |
| 908 ## - PUT COMMAND PARAMETER (RLIN) |
| Put command parameter |
N |
| 909 ## - |
| -- |
35257 |